| 000 | 01104nam0a22002891 4500 | ||
|---|---|---|---|
| 001 | rc\364116 | ||
| 005 | 20200710161823.0 | ||
| 010 |
_a5-335-00227-1 _92000 |
||
| 035 | _a(NLR Aleph) 005594728 | ||
| 090 |
_a6249698 _c6249698 |
||
| 100 | _a20030307d1989 u |0rusy50 ca | ||
| 101 | 0 | _arus | |
| 102 | _aRU | ||
| 105 | _ay ||||||||| | ||
| 200 | 1 |
_aПланирование движения самолетов на воздушных линиях _fА.Н. Субботин, В.И. Бойко, Е.М. Молочков |
|
| 210 |
_aКиев _cТэхника _d1989 |
||
| 215 |
_a197, [1] с. _d17 |
||
| 320 | _aБиблиогр.: с. 194-196 (33 назв.) | ||
| 700 | 1 |
_aСубботин _bА. Н. _gАлександр Николаевич |
|
| 701 | 1 |
_aБойко _bВ. И. _cканд. экон. наук, авиатранспорт _gВладимир Иванович _3RU\NLR\AUTH\770218383 |
|
| 701 | 1 |
_aМолочков _bЕ. М. _gЕвгений Маратович |
|
| 801 | 0 |
_aRU _bNLR _gpsbo |
|
| 801 | 1 |
_aRU _bELAR _2rusmarc |
|
| 852 |
_aNLR _j89-2/2424 |
||
| 942 | _cBOOK | ||
| 980 | _aNB | ||